000 00329nam a22001457a 4500
008 210603b ||||| |||| 00| 0 eng d
020 _a9780199338498
041 _aeng
080 _212th
_a070
082 _a070
100 _a40
101 _aMED
245 _aUnderstanding human communication
_cAdler,R.B
942 _2udc
_cBK
999 _c57941
_d57941